000 00667nam a2200217Ia 4500
008 240729s9999 xx 000 0 und d
022 _a2633-4895
245 0 _aImplementation Research and Practice
260 _aUnited Kingdom
260 _bSAGE Publishing
650 _a Internal medicine
650 _a Mental healing | Medicine
650 _a Neurology. Diseases of the nervous system
650 _a Neurosciences. Biological psychiatry. Neuropsychiatry
650 _a Other systems of medicine
650 _a Psychiatry
650 _aMedicine
856 _uhttps://doaj.org/toc/32b4335d824b40bd996a139c6f872b16
942 _2ddc
942 _cDOAJEJ
999 _c67790
_d67790
945 _a1
_bMadushi Gamage
_c1
_dMadushi Gamage